LEADER 01232nam--2200373---450- 001 990003652400203316 005 20120417150540.0 010 $a978-0-415-42 035 $a000365240 035 $aUSA01000365240 035 $a(ALEPH)000365240USA01 035 $a000365240 100 $a20120417d2008----km-y0itay50------ba 101 $aeng 102 $aNL 105 $ay|||||||001yy 200 1 $a<> European Union and the Asia-Pacific$emedia, public and elite perceptions of the UE$fedited by Natalia Chaban and Martin Holland 210 $aLondon and New York$cRoutledge$d2008 215 $aXII, 239 p.$d24 cm 225 2 $aUACES contemporary european studies series$v6 410 0$12001$aUACES contemporary european studies series$v, 6 606 0 $aUnione europea$xRapporti [con l']Asia$2BNCF 676 $a327.405$v22 702 1$aCHABAN,$bNatalia 702 1$aHOLLAND,$bMartin 801 0$aIT$bsalbc$gISBD 912 $a990003652400203316 951 $a327.405 EUR 2$b73764 G.$c327.405$d00309599 959 $aBK 969 $aECO 979 $aCHIARA$b90$c20120417$lUSA01$h1504 979 $aCHIARA$b90$c20120417$lUSA01$h1505 996 $aEuropean Union and the Asia-Pacific$91140055 997 $aUNISA LEADER 01142nam 2200325 450 001 9910724392103321 005 20230626010812.0 035 $a(CKB)5470000002600988 035 $a(NjHacI)995470000002600988 035 $a(EXLCZ)995470000002600988 100 $a20230626d2004 uy 0 101 0 $afre 135 $aur||||||||||| 181 $ctxt$2rdacontent 182 $cc$2rdamedia 183 $acr$2rdacarrier 200 10$aFemmes et les professions scientifiques $ediplo?mes universitaires et acce?s a? l'emploi /$fMateo Alaluf 210 1$aBruxelles :$cE?ditions de l'Universite? de Bruxelles,$d2004. 215 $a1 online resource (119 pages ) $cillustrations 330 $aComment se fait-il que, malgre? la meilleure re?ussite des filles a? l'e?cole, l'infe?riorisation des femmes dans l'emploi persiste? 606 $aWomen in technology 615 0$aWomen in technology. 676 $a602.3 700 $aAlaluf$b Mateo$01279726 801 0$bNjHacI 801 1$bNjHacl 906 $aBOOK 912 $a9910724392103321 996 $aFemmes et les professions scientifiques$93015901 997 $aUNINA